Tuệ trung thượng sĩ với thiền tông Việt Nam /
Cuốn sách này sẽ đáp ứng phần nào nhu cầu của bạn đọc muốn tìm hiểu về lịch sử, truyền thống văn hoá dân tộc, về những danh nhân văn hoá của đất nước.
में बचाया:
| निगमित लेखक: | |
|---|---|
| स्वरूप: | पुस्तक |
| भाषा: | Vietnamese |
| प्रकाशित: |
Tp.HCM :
Nxb Đà Nẵng,
2000.
|
| विषय: | |
| टैग : |
टैग जोड़ें
कोई टैग नहीं, इस रिकॉर्ड को टैग करने वाले पहले व्यक्ति बनें!
|
| Thư viện lưu trữ: | Mạng thư viện Đại học Đà Nẵng |
|---|
| LEADER | 01128cam a2200349 i 4500 | ||
|---|---|---|---|
| 001 | 000042253 | ||
| 003 | 126 | ||
| 005 | 20041001102724.0 | ||
| 008 | 010217b2000 vm 000 vie | ||
| 020 | |c 36000 | ||
| 040 | |a IRC |c IRC |d IRC | ||
| 041 | 0 | |a vie | |
| 082 | 1 | 4 | |a 922 |b Tu-T |
| 245 | 0 | 0 | |a Tuệ trung thượng sĩ với thiền tông Việt Nam / |c Viện khoa học xã hội. |
| 260 | |a Tp.HCM : |b Nxb Đà Nẵng, |c 2000. | ||
| 300 | |a 367 tr. ; |c 20.5 cm. | ||
| 520 | 3 | |a Cuốn sách này sẽ đáp ứng phần nào nhu cầu của bạn đọc muốn tìm hiểu về lịch sử, truyền thống văn hoá dân tộc, về những danh nhân văn hoá của đất nước. | |
| 630 | 0 | 4 | |a Lịch sử. |
| 630 | 0 | 4 | |a Tuệ trung thượng sĩ. |
| 650 | 0 | 4 | |a Tuệ trung thượng sĩ. |
| 650 | 0 | 4 | |a Thiền tông Việt Nam. |
| 710 | 2 | |a Viện khoa học xã hội. | |
| OWN | |a DUT | ||
| 999 | |a From the UDN01 | ||
| TYP | |a Monograph | ||
| TYP | |a Printed language | ||
| 980 | |a Mạng thư viện Đại học Đà Nẵng | ||